000 00588nam a2200253Ia 4500
005 20260121153853.0
008 008 260114s9999 xx 000 0 eng d
020 _a9780429495267
037 _aEBOOK
040 _aCRL
040 _beng
040 _cCRL
041 _2eng
041 _aeng
084 _qCRL
100 _aRichard R Wilk
_91000160
245 0 _aEconomies and Cultures
260 _bTaylor and Francis
260 _c2007
856 _uhttp://www.taylorfrancis.com/books/9780429495267
942 _cEBOOK
999 _c1566981
_d1566981